LDR 00978naa#a2200169#i#450# 001 RU\\bibl\126829 005 20260630235306.2 011 ## _a2782-4926 100 ## _a20260630b2026####ek#y0rusy0150####ca 102 ## _aRU 200 1# _aМИКОЛОГИЧЕСКИЕ МОТИВЫ В ВИДЕОИГРАХ: РЕПРЕЗЕНТАЦИЯ МИКОФИЛИИ И МИКОФОБИИ В СОВРЕМЕННОЙ КУЛЬТУРЕ _eЖурнальная статья 210 1# _aКрасноярск _cКрасноярская региональная общественная организация Содружество просветителей Красноярья _d2026 215 ## _a17 с. 608 ## _aЖурнальная статья _2local 675 ## _aАнтропология. 572 _aФилософия культуры. Системы культуры. Культурологические учения. 130.2 _z 700 #1 _aКопцева _gМария Сергеевна 856 4# _asiberianart-journal.ru _u